Music Quiz

Random Music or Album Quiz

Top 150 Albums by Women Quiz Stats

 Plays Quiz Updated Apr 10, 2018

Score 0/150 Timer 19:00
2 Plays Today
Album Artist % Correct
Like a PrayerMadonna
94.1%
Like a VirginMadonna
94.1%
LemonadeBeyoncé
82.7%
...Baby One More TimeBritney Spears
75.1%
21Adele
74.2%
I Never Loved a Man The Way I Love YouAretha Franklin
73.2%
Amazing GraceAretha Franklin
73.2%
Young, Gifted and BlackAretha Franklin
73.2%
[ARTIST] (How Will I Know)Whitney Houston
72%
RumoursFleetwood Mac
68.8%
The Miseducation of [ARTIST]Lauryn Hill
68.5%
Jagged Little PillAlanis Morissette
67%
Private DancerTina Turner
65.4%
Where Did Our Love Go?Diana Ross and the Supremes
65.3%
Back to BlackAmy Winehouse
64.5%
I Love Rock N' RollJoan Jett
64.4%
SpiceSpice Girls
63%
PearlJanis Joplin
59.8%
Parallel LinesBlondie
58.5%
ControlJanet Jackson
58.5%
TapestryCarole King
58.3%
Coat of Many ColorsDolly Parton
56.8%
Funny Girl, Broadway Cast AlbumBarbra Streisand
55.9%
She's So UnusualCyndi Lauper
54.6%
[ARTIST] (Fast Car)Tracy Chapman
53%
CrazySexyCoolTLC
52.7%
Bella DonnaStevie Nicks
52.6%
BlueJoni Mitchell
52%
HejiraJoni Mitchell
52%
Come Away With MeNorah Jones
50.3%
HorsesPatti Smith
50.1%
Coal Miner's DaughterLoretta Lynn
49.5%
FearlessTaylor Swift
48%
Dreamboat AnnieHeart
46.9%
NightclubbingGrace Jones
46.2%
Bad GirlsDonna Summer
45.7%
[ARTIST] (Brass in Pocket)The Pretenders
45.4%
PiratesRickie Lee Jones
44.9%
DaydreamMariah Carey
44.6%
Supa Dupa FlyMissy Elliott
43.4%
[ARTIST] (Rock Lobster)The B-52's
42.7%
Tragic KingdomNo Doubt
41.5%
Come On OverShania Twain
41.3%
No SecretsCarly Simon
41.1%
Stand By Your ManTammy Wynette
40%
Beauty and the BeatThe Go-Gos
39.1%
Songs in A MinorAlicia Keys
37.8%
Tuesday Night Music ClubSheryl Crow
35.3%
The Writing's on the WallDestiny's Child
34.3%
Wide Open SpacesDixie Chicks
33.6%
Album Artist % Correct
[ARTIST] Sings the Johnny Mercer Song BookElla Fitzgerald
32.7%
¿Dónde Están los Ladrones?Shakira
31.2%
[ARTIST] in MemphisDusty Springfield
30.9%
I Put a Spell on YouNina Simone
30.8%
[ARTIST] Sings the BluesNina Simone
30.8%
Nick of TimeBonnie Raitt
30.4%
I Do Not Want What I Haven't GotSinead O'Connor
28.4%
I Feel For YouChaka Khan
28.4%
Hounds of LoveKate Bush
28%
Rocks the HouseEtta James
27.7%
Live Through ThisHole
27.5%
All Over the PlaceThe Bangles
27.3%
Heart Like a WheelLinda Ronstadt
27.2%
[ARTIST] (Cherry Bomb)The Runaways
25.5%
Diamonds & RustJoan Baez
25.5%
Diamond LifeSade
25.5%
Car Wheels on a Gravel RoadLucinda Williams
24.9%
Amor ProhibidoSelena
24.9%
BaduizmErykah Badu
24.7%
Little EarthquakesTori Amos
23.2%
PostBjörk
23.2%
Exile in GuyvilleLiz Phair
23%
The Glamorous LifeSheila E.
21.5%
What's the 411?Mary J. Blige
21.2%
KalaM.I.A.
20.3%
TidalFiona Apple
20.2%
[ARTIST] (Working Class Hero)Yoko Ono/Plastic Ono Band
20.1%
All Hail the QueenQueen Latifah
20%
Presenting the Fabulous [ARTIST] Featuring VeronicaThe Ronettes
19.9%
[ARTIST] (Closer to Fine)Indigo Girls
19.7%
ImaginationGladys Knight and the Pips
19%
TouchEurythmics
18.7%
Blacks' MagicSalt-N-Pepa
18.7%
A Song For YouThe Carpenters
16.8%
Blue Light 'Til DawnCassandra Wilson
16%
Leader of the PackThe Shangri-Las
15.9%
Ingénuek.d. lang
15.7%
Chelsea GirlNico
15.2%
Rid of MePJ Harvey
15.2%
Ode to Billy JoeBobbie Gentry
15.1%
Los AngelesX
15.2%
First TakeRoberta Flack
14.6%
NightbirdsLaBelle
14.5%
Wrecking BallEmmylou Harris
14.1%
DummyPortishead
13.6%
Last SplashThe Breeders
13.4%
Hard CoreLil' Kim
13.2%
[ARTIST] (Rock the Boat)Aaliyah
13%
Rumor Has ItReba McEntire
13%
King's Record ShopRoseanne Cash
12.8%
Album Artist % Correct
Broken EnglishMarianne Faithful
11.8%
RaptureAnita Baker
11.4%
Big ScienceLaurie Anderson
11.2%
On How Life IsMacy Gray
9.8%
Dig Me OutSleater-Kinney
8.6%
Little Plastic CastleAni DiFranco
8.4%
Sound & ColorAlabama Shakes
8.4%
A Seat at the TableSolange
8%
Germfree AdolescentsX-Ray Spex
7.9%
SisterSonic Youth
7.5%
Body TalkRobyn
7.4%
Transgender Dysphoria BluesAgainst Me!
7.4%
New York TendaberryLaura Nyro
7.3%
Heaven or Las VegasCocteau Twins
7.1%
YsJoanna Newsom
7%
Sassy Swings AgainSarah Vaughan
6.9%
Be Altitude: Respect YourselfThe Staple Singers
6.8%
PlatinumMiranda Lambert
6.7%
Time (The Revelator)Gillian Welch
6.4%
The ScreamSiouxsie and the Banshees
6.2%
Pata PataMiriam Makeba
5.9%
New FavoriteAlison Krauss & Union Station
5.8%
CutThe Slits
5.6%
Son con GuaguancoCelia Cruz
5%
Yeah Yeah Yeah YeahBikini Kill
4.6%
Fanny HillFanny
4.3%
Flaming RedPatty Griffin
3.8%
Journey in SatchidanandaAlice Coltrane
3.8%
The [ARTIST] Album (Dindi)Astrud Gilberto
3.7%
It's a Mighty WorldOdetta
3.6%
I Thought About You — Live At Vine St.Shirley Horn
3.4%
Wild and PeacefulTeena Marie
3.3%
The Litanies of SatanDiamanda Galás
3.3%
Peace Beyond PassionMeshell Ndegeocello
3.1%
I Am [ARTIST]Shelby Lynne
3%
50 Gates Of Wisdom (Yemenite Songs)Ofra Haza
2.9%
[ARTIST] (Lola)The Raincoats
2.9%
The Changer and the Changed: A Record of the TimesCris Williamson
2.8%
It's My WayBuffy Sainte-Marie
2.7%
Dolmen MusicMeredith Monk
2.3%
[ARTIST] (The Train)The Roches
2.3%
Come Away With [ARTIST]ESG
2.1%
The Mosaic ProjectTerri Lyne Carrington
2.1%
Enta Omri (You Are My Life)Umm Kulthum
2%
My LifeIris DeMent
1.9%
Deep ListeningPauline Oliveros, Stuart Dempster, Panaiotis
1.8%
[ARTIST] en ArgentinaMercedes Sosa
1.7%
Le Mystère Des Voix BulgaresThe Bulgarian State Radio & Television Choir
1.6%
La ParejaLa Lupe & Tito Puente
1.4%
Moussolou (Women)Oumou Sangare
1.4%

You're not logged in!

Compare scores with friends on all Sporcle quizzes.
OR
Log In

Sporcle TV

Today on Sporcle TV


Watch our educational content, quiz creation guides, and fun videos on Sporcle TV.

Show Comments

Extras

Top Quizzes Today


Score Distribution

Your Account Isn't Verified!

In order to create a playlist on Sporcle, you need to verify the email address you used during registration. Go to your Sporcle Settings to finish the process.

Report this User

Report this user for behavior that violates our Community Guidelines.

Details: